Strength of materials / (Record no. 1915)
[ view plain ]
| 000 -LEADER | |
|---|---|
| fixed length control field | 00469cam a2200181ua 4500 |
| 003 - CONTROL NUMBER IDENTIFIER | |
| control field | OSt |
| 008 - FIXED-LENGTH DATA ELEMENTS--GENERAL INFORMATION | |
| fixed length control field | 250528b |||||||| |||| 00| 0 eng d |
| 020 ## - INTERNATIONAL STANDARD BOOK NUMBER | |
| ISBN | 0-06-350599-1 |
| 041 ## - LANGUAGE CODE | |
| Language code of text/sound track or separate title | eng |
| 082 ## - DEWEY DECIMAL CLASSIFICATION NUMBER | |
| Classification number | 624.17 |
| Item number | PYT/ST |
| 100 ## - MAIN ENTRY--AUTHOR NAME | |
| Personal name | Pytel, Andrew . |
| 245 ## - TITLE STATEMENT | |
| Title | Strength of materials / |
| 250 ## - EDITION STATEMENT | |
| Edition statement | 4 / |
| 260 ## - PUBLICATION, DISTRIBUTION, ETC. (IMPRINT) | |
| Place of publication | : |
| Name of publisher | INDUS Harper collins publishers India pvt Ltd , |
| Year of publication | 1987. |
| 300 ## - PHYSICAL DESCRIPTION | |
| Number of Pages | 594 ; . |
| 700 1# - ADDED ENTRY--PERSONAL NAME | |
| Personal name | Singer, Ferdinand.L . |
| 942 ## - ADDED ENTRY ELEMENTS (KOHA) | |
| Koha item type | Books |
| Withdrawn status | Lost status | Damaged status | Home library | Current library | Date acquired | Full call number | Accession Number | Koha item type |
|---|---|---|---|---|---|---|---|---|
| KAUAET | KAUAET | 07/04/2012 | 624.17 PYT/ST | 18078 | Books | |||
| Damaged | KAUAET | KAUAET | 07/04/2012 | 624.17 PYT/ST | 19487 | Books |
